Marec - mesiac knihy

Bibliographic Details
Main Author: Brada, Oleg (Author)
Format: Article
Language:Slovak
Subjects:

MARC

LEADER 00000nab a2200000 a 4500
001 vtls008959459
003 SK-MaSNL
005 20260303201600.0
008 070328c2007 xo drz 0 0slo
038 |a KEVKJB 
040 |a KEVKJB  |b slo  |c KEVKJB  |e AACR2 
041 0 |a slo 
044 |a xo  |c SK 
080 |a 027.52  |2 2001 
100 1 |a Brada, Oleg  |4 aut  |9 1032139 
245 1 0 |a Marec - mesiac knihy  |c Oleg Brada 
610 2 7 |a Obecná knižnica (Poproč, Slovensko)  |2 kevkjb  |9 158878 
650 0 7 |a obecné knižnice  |2 kevkjb  |9 70141 
651 7 |a Poproč (Košice-okolie, Slovensko)  |2 kevkjb  |9 170477 
651 7 |a Košice-okolie (Slovensko : okres)  |2 kevkjb  |9 146743 
773 0 |t Popročský Obecný Populárno - Rekreačný Občasný Časopis  |g Č. 1 (2007), s. 13 
852 |a KEVKJB  |b KIS3GCP 
999 |c 2174965  |d 2176895